000 00226nam a2200097Ia 4500
008 240331s9999 xx 000 0 und d
082 _bKAI
100 _aKailanathan, V.A
245 0 _aChiddukuruvikalum vanampadikalum
942 _cL
999 _c3743
_d3743